Côn trùng gây hại cây trồng

Trình bày cụ thể các loại côn trùng có hại cho cây trồng theo từng đối tượng gây hại của từng loại cây trồng, theo từng giai đoạn phát triển của cây trồng và chi tiết của từng loại sâu hại như sâu hại cây lương thực, sâu hại cây rau màu, s...

Descrizione completa

Salvato in:
Dettagli Bibliografici
Autore principale: Nguyễn, Văn Huỳnh
Natura: Libro
Lingua:Undetermined
Pubblicazione: Hà Nội Nông nghiệp 2018
Soggetti:
Tags: Aggiungi Tag
Nessun Tag, puoi essere il primo ad aggiungerne! !
Thư viện lưu trữ: Trung tâm Học liệu Trường Đại học Cần Thơ
LEADER 01108nam a2200229Ia 4500
001 CTU_231009
008 210402s9999 xx 000 0 und d
020 |c 94000 
082 |a 632.7 
082 |b H531 
100 |a Nguyễn, Văn Huỳnh 
245 0 |a Côn trùng gây hại cây trồng 
245 0 |c Nguyễn Văn Huỳnh, Lê Thị Sen 
260 |a Hà Nội 
260 |b Nông nghiệp 
260 |c 2018 
520 |a Trình bày cụ thể các loại côn trùng có hại cho cây trồng theo từng đối tượng gây hại của từng loại cây trồng, theo từng giai đoạn phát triển của cây trồng và chi tiết của từng loại sâu hại như sâu hại cây lương thực, sâu hại cây rau màu, sau hại cây ăn trái 
526 |a Côn trùng nông nghiệp,Thâm cứu giám định sâu hại cây trồng 
526 |b NN374,NN619 
650 |a Côn trùng gây hại,Insect pests 
910 |b nthai 
980 |a Trung tâm Học liệu Trường Đại học Cần Thơ